000
00231nam a2200109Ia 4500
008
190216s9999||||xx |||||||||||||| ||und||
100
_a
Null
245
0
_a
Hindi-Bai Bai
260
_b
Saraswathi Press
300
_a
151
942
_c
BK
999
_c
17147
_d
17147